| 000 | 00659nam a22002055i 4500 | ||
|---|---|---|---|
| 001 | 152700 | ||
| 003 | ES-MaACL | ||
| 005 | 20251217063019.0 | ||
| 008 | 040721s1877 gw |||| | eng d | ||
| 040 |
_aCAM _bspa _cCAM |
||
| 080 | _a821.111(73)-34"18" | ||
| 100 | 1 |
_aHarte, Bret, _d1839-1902 _961971 |
|
| 245 | 1 | 0 |
_aThankful Blosson and others tales / _cby Bret Harte. |
| 260 |
_aLeipzig : _bBernhard Tauchnitz, _c1877. |
||
| 300 |
_a234 p. ; _c17 cm. |
||
| 490 | 1 |
_aCollection of British Authors ; _v1667 |
|
| 830 | 0 |
_aCollection of British Authors ; _v1667 _9180703 |
|
| 852 |
_aES-MaACL _jG-12459 _z-- Enc. hol. |
||
| 999 |
_c152700 _d152700 |
||